Rwanda : Eighth Review Under the Policy Support Instrument and Request for Extension, and Third Review Under the Standby Credit Facility-Press Release; Staff Report; and Statement by the Executive Director for Rwanda.

This paper discusses Rwanda's Eighth Review Under the Policy Support Instrument (PSI) and Request for Extension, and Third Review Under the Standby Credit Facility (SCF). The existing PSI and SCF arrangement have supported Rwanda's efforts to address external imbalances, thereby supporting...

Ful tanımlama

Detaylı Bibliyografya
Müşterek Yazar: International Monetary Fund. African Dept
Materyal Türü: Dergi
Dil:English
Baskı/Yayın Bilgisi: Washington, D.C. : International Monetary Fund, 2018.
Seri Bilgileri:IMF Staff Country Reports; Country Report ; No. 2018/013
Online Erişim:Full text available on IMF
LEADER 01970cas a2200241 a 4500
001 AALejournalIMF018205
008 230101c9999 xx r poo 0 0eng d
020 |c 5.00 USD 
020 |z 9781484338070 
022 |a 1934-7685 
040 |a BD-DhAAL  |c BD-DhAAL 
110 2 |a International Monetary Fund.  |b African Dept. 
245 1 0 |a Rwanda :   |b Eighth Review Under the Policy Support Instrument and Request for Extension, and Third Review Under the Standby Credit Facility-Press Release; Staff Report; and Statement by the Executive Director for Rwanda. 
264 1 |a Washington, D.C. :  |b International Monetary Fund,  |c 2018. 
300 |a 1 online resource (64 pages) 
490 1 |a IMF Staff Country Reports 
500 |a <strong>Off-Campus Access:</strong> No User ID or Password Required 
500 |a <strong>On-Campus Access:</strong> No User ID or Password Required 
506 |a Electronic access restricted to authorized BRAC University faculty, staff and students 
520 3 |a This paper discusses Rwanda's Eighth Review Under the Policy Support Instrument (PSI) and Request for Extension, and Third Review Under the Standby Credit Facility (SCF). The existing PSI and SCF arrangement have supported Rwanda's efforts to address external imbalances, thereby supporting continued strong growth and durable poverty reduction. The SCF arrangement added a financing component to the existing PSI-supported program, which aims to promote private-sector led growth through safeguarding macroeconomic stability, including through external sustainability, fiscal sustainability based on continued improvements in domestic resource collection, low and stable inflation, and enhancing access to credit and deepening the financial sector. 
538 |a Mode of access: Internet 
830 0 |a IMF Staff Country Reports; Country Report ;  |v No. 2018/013 
856 4 0 |z Full text available on IMF  |u http://elibrary.imf.org/view/journals/002/2018/013/002.2018.issue-013-en.xml  |z IMF e-Library